| 000 | 00727cam a22002531 4500 | ||
|---|---|---|---|
| 001 | 29267 | ||
| 003 | BD-RjUL | ||
| 005 | 20211209051406.0 | ||
| 008 | 140403s1963 njua 000 0 eng | ||
| 035 | _a(BD-RjUL)29352 | ||
| 035 | _a(OCoLC)296797 | ||
| 040 |
_aDLC _cOWibfU _dOCoLC _dDLC _dBD-RjUL _beng |
||
| 041 | _aeng | ||
| 082 | 0 | 0 |
_a136.7082 _bREA 1964 |
| 245 | 1 | 0 |
_aReadings in child psychology / _c edited by Wayne Dennis. |
| 250 | _a2d ed. | ||
| 260 |
_aEnglewood Cliffs, N.J. : _bPrentice-Hall, _c1963 [Printing 1964]. |
||
| 300 |
_a532 p. : _billus. ; _c23 cm. |
||
| 650 | 0 |
_aChild psychology. _93848 |
|
| 700 | 1 |
_aDennis, Wayne, _988142 |
|
| 942 |
_2ddc _cBK |
||
| 999 |
_c29267 _d29267 |
||